| 000 | 00576nam a2200229 a 4500 | ||
|---|---|---|---|
| 999 |
_c5558 _d5558 |
||
| 001 | 5558 | ||
| 003 | BD-JhCC | ||
| 005 | 20180305190629.0 | ||
| 008 | 171218s2004 bg |||| |||| 00| 0 eng d | ||
| 020 | _a8178085666 | ||
| 035 | _a(BD-JhCC)5558 | ||
| 040 |
_aBD-JhCC _dBD-JhCC |
||
| 041 | _aeng | ||
| 082 |
_a620 _bCLA 2004 |
||
| 245 |
_aClassical Mechanics / _cHerbert Goldstein...[et.all.]. |
||
| 260 |
_aDhaka : _bAngel Library, _c2004 |
||
| 300 |
_a638 p. : _bills; _c21 cm. |
||
| 650 | _aMechanics | ||
| 700 | _aGoldstein, Herbert | ||
| 942 |
_2ddc _cBK |
||